| 000 | 00497nam a2200169Ia 4500 | ||
|---|---|---|---|
| 003 | GCL | ||
| 008 | 140319s9999 xx 000 0 ara d | ||
| 040 |
_aGCL / _cGCL |
||
| 082 | 0 | 4 |
_aق _b962.046 _bى ص |
| 245 | 1 | 0 | _aصفحة من تاريخ مصر السياسى: مفاوضات عدلى - كرزن |
| 300 | _a164 ص | ||
| 490 |
_aكتاب _v0 |
||
| 650 | 0 | 4 | _aالمفاوضات |
| 650 | 0 | 4 | _aمصر - المعاهدات |
| 650 | 0 | 4 | _aمصر - الاحوال السياسية |
| 942 |
_2ddc _cBK |
||
| 999 |
_c43108 _d43108 |
||